000 00491nam a2200193Ia 4500
999 _c41407
_d41407
001 8069
003 GE_BSU
005 20200117152043.0
008 181216s2013||||tu |||||||||||||| ||tur||
040 _cGE_BSU
041 _atur
080 _a811.512.161 T-95
245 _aTurkce Ogretım setı A1 :
_bDers Kitabi /
260 _c2013
300 _a152 p.;
_b29 cm.
653 _aთურქული ენა
653 _aსახელმძღვანელო
942 _cBK
_2udc